| 000 | 00632nam a2200241Ia 4500 | ||
|---|---|---|---|
| 003 | OSt | ||
| 005 | 20220918213933.0 | ||
| 006 | a|||||r|||| 00| 0 | ||
| 007 | ta | ||
| 008 | 220917b |||||||| |||| 00| 0 eng d | ||
| 024 | _a135,095 | ||
| 037 | _cTextual | ||
| 040 |
_aARTS _cARTS _beng |
||
| 041 |
_2eng _aeng |
||
| 082 | _aX:89ZB, N5 | ||
| 100 |
_aForrest Tom _9129153 |
||
| 245 | 0 | _aPolitics and economic development in Nigeria | |
| 260 |
_aOxford _bWestview Press _c1995 |
||
| 300 |
_avii,286p. _ccm. |
||
| 650 | _aECONOMICS | ||
| 942 |
_hX:89ZB, N5 _cTEXL _2CC |
||
| 999 |
_c258195 _d258195 |
||